01899 2200373 4500001002100000005001500021035002000036007000300056008004100059020002200100082000800122084001400130100002300144245021400167250001700381300003700398650000800435650000800443650004200451650003400493700002900527700002900556700003000585700002500615700002900640700002800669520066300697264003901360336002101399337003001420338002301450740004301473990000901516INLIS00000000000299820260406065451 a0010-0426000012ta260406 g 0 ind  a978-979-3535-26-5 a030 a030 HEN e0 aHenry PePengarang1 aENSIKLOPEDIA PENGETAHUAN POPULER :bEnsiklopedia IPA dan IPS untuk Pelajar Unggulan Jilid 1: Abad-Burung /cHenry P., Sisilia Rini, Bayu Nugroho ; penyunting, Johan Aguston, Rizky R., Rahmat Salim, M. Surianto aCetakan 2017 a96 halaman :bilustrasi ;c30 cm 4aIPA 4aIPS 4aEnsiklopedia pendidikan untuk pelajar 4aReferensi belajar IPA dan IPS0 aSisilia RiniePenerjemah0 aBayu NugrohoePenerjemah0 aJohan AgustonePenyunting0 aRizky R.ePenyunting0 aRahmat SalimePenyunting0 aM. SuriantoePenyunting aEnsiklopedia Pengetahuan Populer (EPP) Jilid 1: Abad-Burung merupakan referensi komprehensif yang menyajikan sari ilmu pengetahuan alam (IPA) dan ilmu pengetahuan sosial (IPS). Disusun secara alfabetis (A-Z), buku ini dirancang khusus untuk memenuhi kebutuhan literasi anak-anak dan pelajar. Materi yang dibahas mencakup berbagai disiplin ilmu, mulai dari geografi, astronomi, sejarah, seni, hingga teknologi dan lingkungan. Dengan gaya bahasa yang sederhana serta dukungan ilustrasi visual yang menarik, buku ini telah memenuhi standar kelayakan Pusat Perbukuan Kementerian Pendidikan Nasional sebagai sumber belajar penunjang pendidikan dasar dan menengah. aJakarta :bPT LENTERA ABADI,c2017 2rdacontentateks 2rdamediaatanpa perantara 2rdacarrieravolume aThe Kingfisher Children's Encyclopedia a7581